Introducción a la teoría microeconómica (Registro nro. 4266)
[ vista simple ]
| 000 -LEADER | |
|---|---|
| fixed length control field | 01523 a2200253 4500 |
| 001 - CONTROL NUMBER | |
| control field | 47001 |
| 005 - DATE AND TIME OF LATEST TRANSACTION | |
| control field | 20260407155739.0 |
| 008 - FIXED-LENGTH DATA ELEMENTS--GENERAL INFORMATION | |
| fixed length control field | 260407a1983 arg spa d |
| 003 - CONTROL NUMBER IDENTIFIER | |
| control field | AR-UNSa-BCEJYS |
| 040 ## - CATALOGING SOURCE | |
| Original cataloging agency | AR-UNSa-BCEJYS |
| Language of cataloging | spa |
| Transcribing agency | AR-UNSa-BCEJYS |
| 080 ## - UNIVERSAL DECIMAL CLASSIFICATION NUMBER | |
| Universal Decimal Classification number | 330.101.542 |
| Common auxiliary subdivision | Microeconomía |
| 020 ## - INTERNATIONAL STANDARD BOOK NUMBER | |
| International Standard Book Number | 84-316-2176-1 |
| 041 ## - LANGUAGE CODE | |
| Language code of text/sound track or separate title | spa |
| 100 1# - MAIN ENTRY--PERSONAL NAME | |
| Personal name | Fernández de Castro, J.M. |
| 245 10 - TITLE STATEMENT | |
| Title | Introducción a la teoría microeconómica |
| 264 #1 - PRODUCTION, PUBLICATION, DISTRIBUTION, MANUFACTURE, AND COPYRIGHT NOTICE | |
| Place of production, publication, distribution, manufacture | Barcelona : |
| Name of producer, publisher, distributor, manufacturer | Vicens-Vives |
| Date of production, publication, distribution, manufacture, or copyright notice | 1983 |
| 300 ## - PHYSICAL DESCRIPTION | |
| Extent | xiv, 428 p. |
| Dimensions | 22 cm. |
| 505 ## - FORMATTED CONTENTS NOTE | |
| Formatted contents note | 1. Introducción - 2. Teoría del cambio : oferta y demanda - 3. Análisis de la demanda y la oferta - 4. Estática, dinámica y estabilidad del equilibrio - 5. Teoría de la conducta del consumidor - 6. Aplicaciones del análisis de utilidad - 7. La teoría de la producción - 8. Costes de producción - 9. El mercado y las estructuras industriales - 10. La teoría de la empresa - 11. Teoría de la empresa en una industria de competencia perfecta - 12. Teoría de la empresa en una industria competitiva (competencia monopolística) - 13. El monopolio - 14. El oligopolio - 15. Teorías de la distribución de la renta - 16. La determinación del precio de los factores productivos - 17. Equilibrio general - 18. Economía del bienestar. |
| 590 ## - LOCAL NOTE (RLIN) | |
| Local note | niveau_biblio:m niveau_hierar:0 |
| 700 1# - ADDED ENTRY--PERSONAL NAME | |
| Personal name | Asimakopulos, Athanasios |
| 700 1# - ADDED ENTRY--PERSONAL NAME | |
| Personal name | Aguiló, Eugeni |
| 856 41 - ELECTRONIC LOCATION AND ACCESS | |
| Uniform Resource Identifier | <a href="https://www.biblioeco.unsa.edu.ar/pmb/images/libros/L127367.jpg">https://www.biblioeco.unsa.edu.ar/pmb/images/libros/L127367.jpg</a> |
| Link text | Imagen de portada |
| Electronic format type | image/jpeg |
| 942 ## - ADDED ENTRY ELEMENTS (KOHA) | |
| Koha item type | |
| Withdrawn status | Lost status | Damaged status | Not for loan | Home library | Current library | Shelving location | Date acquired | Total checkouts | Full call number | Barcode | Date last seen | Price effective from | Koha item type |
|---|---|---|---|---|---|---|---|---|---|---|---|---|---|
| Biblioteca Prof. Eusebio Cleto del Rey | Biblioteca Prof. Eusebio Cleto del Rey | 07/04/2026 | 330.101.542 A832 | L127367 | 07/04/2026 | 07/04/2026 | Libro |